| 000 | 01560nam a2200253Ia 4500 | ||
|---|---|---|---|
| 999 |
_c34545 _d34545 |
||
| 001 | 301 | ||
| 003 | GE_BSU | ||
| 005 | 20200127164758.0 | ||
| 008 | 181216s||||||||xx |||||||||||||| ||und|| | ||
| 020 | _a9994085638 | ||
| 040 | _cGE_BSU | ||
| 041 | _ageo | ||
| 080 | _a502(075.8) ბ-27 | ||
| 100 |
_aბარნაველი, ნანა _96418 |
||
| 245 |
_aბუნებისმცოდნეობა 1 :მითითებები მასწავლებლებისა და მშობლებისათვის : _bპილოტირებულია...პროექტ "ილია ჭავჭავაძის" ფარგლებში 2005-2006 სასწ. წელს / _cნანა ბარნაველი, თამარ გეგეჭკორი ; [რედ. ლელა აზნიაშვილი ; ილ.: სალომე პაიჭაძე და სხვ. ; ფოტ.: ალექსანდრე გავაშელაშვილი და სხვ.]. |
||
| 264 |
_aთბილისი : _bბუნება პრინტი, _c2007. |
||
| 300 |
_a140 გვ.: _b ილ. ; _c28 სმ. |
||
| 541 | _h15 ლ. | ||
| 653 | _aბუნებისმცოდნეობა | ||
| 700 |
_aგეგეჭკორი, თამარ _eავტორი _96419 |
||
| 700 |
_aაზნიაშვილი, ლელა _eრედაქტორი _96420 |
||
| 700 |
_aპაიჭაძე, სალომე _eმხატვარი _96421 |
||
| 942 |
_cBK _2udc |
||